Cơ sở kỹ thuật siêu cao tầng
Trình bày các quá trình lan truyền sóng siêu cao tần trong các loại đường truyền phổ biến; Quá trình dao động điện tử ở dải siêu cao tần trong các mạch dao động cộng hưởng khác nhau; Phương pháp phân tích tổng hợp, tính toán các tham số ngo...
Đã lưu trong:
| Tác giả chính: | |
|---|---|
| Định dạng: | Sách |
| Ngôn ngữ: | Undetermined |
| Được phát hành: |
H.
Giáo dục
2006
|
| Những chủ đề: | |
| Truy cập trực tuyến: | http://lrc.tdmu.edu.vn/opac/search/detail.asp?aID=2&ID=7688 |
| Các nhãn: |
Thêm thẻ
Không có thẻ, Là người đầu tiên thẻ bản ghi này!
|
| Thư viện lưu trữ: | Trung tâm Học liệu Trường Đại học Thủ Dầu Một |
|---|
| LEADER | 01108nam a2200205Ia 4500 | ||
|---|---|---|---|
| 001 | TDMU_7688 | ||
| 008 | 210410s9999 xx 000 0 und d | ||
| 082 | |a 621.382 | ||
| 090 | |b K309 | ||
| 100 | |a Kiều, Khắc Lâu | ||
| 245 | 0 | |a Cơ sở kỹ thuật siêu cao tầng | |
| 245 | 0 | |c Kiều Khắc Lâu | |
| 260 | |a H. | ||
| 260 | |b Giáo dục | ||
| 260 | |c 2006 | ||
| 300 | |a 247tr | ||
| 520 | |a Trình bày các quá trình lan truyền sóng siêu cao tần trong các loại đường truyền phổ biến; Quá trình dao động điện tử ở dải siêu cao tần trong các mạch dao động cộng hưởng khác nhau; Phương pháp phân tích tổng hợp, tính toán các tham số ngoài cơ bản của các phần tử tuyến siêu cao tần... | ||
| 650 | |a Kỹ thuật siêu cao tầng; Truyền sóng; Viễn thông; Giáo trình | ||
| 856 | |u http://lrc.tdmu.edu.vn/opac/search/detail.asp?aID=2&ID=7688 | ||
| 980 | |a Trung tâm Học liệu Trường Đại học Thủ Dầu Một | ||